Central Library and Information Centre
Sibsagar Girls' College, Sivasagar : Assam

AAJAN FOKIR ARU SURIA JIKIR (Record no. 5517)

MARC details
000 -LEADER
fixed length control field 00424cam a2200181ua 4500
008 - FIXED-LENGTH DATA ELEMENTS--GENERAL INFORMATION
fixed length control field 060101n1991 II |||gr||||Z||||||asm
040 ## - CATALOGING SOURCE
Original cataloging agency MAIN
041 ## - LANGUAGE CODE
-- English
082 ## - DEWEY DECIMAL CLASSIFICATION NUMBER
Classification number 891.451 MAL
100 ## - MAIN ENTRY--PERSONAL NAME
Personal name MALIK, SYED ABDUL.
245 ## - TITLE STATEMENT
Title AAJAN FOKIR ARU SURIA JIKIR
250 ## - EDITION STATEMENT
Edition statement 2ND.
260 ## - PUBLICATION, DISTRIBUTION, ETC.
Place of publication, distribution, etc. GUWAHATI
Name of publisher, distributor, etc. STUDENTS STORES
Date of publication, distribution, etc. 1991
300 ## - PHYSICAL DESCRIPTION
Extent 85:
Dimensions 21CM.
942 ## - ADDED ENTRY ELEMENTS (KOHA)
Koha item type Books
653 ## - INDEX TERM--UNCONTROLLED
Uncontrolled term ASSAMESE LITERATURE
Holdings
Withdrawn status Lost status Damaged status Not for loan Collection code Home library Current library Shelving location Date acquired Full call number Barcode Date last seen Copy number Price effective from Koha item type
        REFASM Central Library and Information Centre Sibsagar Girls College Central Library and Information Centre Sibsagar Girls College   19.06.1995 891.451 MAL 13546 27.02.2020 1 27.02.2020 Books


Sibsagar Girl's College © 2020. All rights reserved.
Powered by Koha.
Maintained by Abhijit Borpuzari.